Comprehensive Asymmetric Catalysis III

Gespeichert in:
Bibliographische Detailangaben
Hauptverfasser: Jacobsen, Eric N. (Verfasst von), Pfaltz, Andreas (Verfasst von), Yamamoto, Hisashi (Verfasst von)
Format: Buch
Sprache:Englisch
Veröffentlicht: Berlin : Springer Verlag, 1999
Tags: Tag hinzufügen
Keine Tags, Fügen Sie das erste Tag hinzu!

MARC

LEADER 00000nam a22000003a 4500
001 stu50672
005 20150617225706.1
008 991015s1999------------------------eng-d
020 |a 3-540-64336-2 
040 |a STU  |b slo 
041 0 |a eng 
080 |a 541.128  |7 stu_us_auth*stu5751 
100 1 |a Jacobsen, Eric N.  |4 aut 
245 1 |a Comprehensive Asymmetric Catalysis III 
260 |a Berlin :  |b Springer Verlag,  |c 1999 
300 |a 998-1483 s 
500 |a Tab.,grafy,lit.,index 
700 1 |a Pfaltz, Andreas  |4 aut 
700 1 |a Yamamoto, Hisashi  |4 aut 
996 |b C96029  |c C*96029  |l CCIV  |s P  |a 0  |w stu50672_0001